000 00427pab a2200157 454500
008 180718b2013 xxu||||| |||| 00| 0 eng d
100 _aNachane, Dilip M.
245 _aGlobal crisis and the new consensus macroeconomics: End of paradigmatic determinism?
260 _c2013
300 _ap.43-50.
362 _a5 Jan
650 _aMacroeconomics
773 _aEconomic and Political Weekly
908 _aN
909 _a98668
999 _c98667
_d98667